000
00300nam a2200133Ia 4500
100
_a
Dromey/R.G
942
_c
BK
654
_a
How To Solve
245
_a
How To Solve It By Computer
260
_b
Prentice Hall of India
_a
NEW DELHI
_c
1996
082
_a
1.6
_b
Dro
300
_a
442
546
_a
ENGLISH
999
_c
26611
_d
26611